Science Quiz

Random Science Quiz

Iliac Arteries & Branches, and Related Structures Quiz Stats

 Plays Quiz not verified by Sporcle

Challenge
Share
Tweet
Score 0/22 Timer 10:00
0 Plays Today
Hint Answer % Correct
1Common iliac artery
97.9%
2Internal iliac artery
96.6%
3External iliac artery
95.7%
8Urinary bladder
75.7%
9Prostate gland
74.5%
4Umbilical artery
70.2%
5Obturator artery
66%
15Superior gluteal artery
59.6%
10Middle rectal artery
56.2%
14Inferior gluteal artery
55.7%
11Internal pudendal artery
52.8%
Hint Answer % Correct
19S1
50.6%
16S4
50.2%
17S3
50.2%
18S2
50.2%
7Superior vesical artery
49.8%
20Lateral sacral artery
49.8%
22Iliolumbar artery
49.8%
13Pudendal nerve
46.4%
12Inferior vesical artery
42.1%
21Lumbosacral trunk
41.7%
6Medial umbilical ligament
39.6%

You're not logged in!

Compare scores with friends on all Sporcle quizzes.
OR
Log In

You Might Also Like...

Show Comments

Extras

Created Aug 15, 2017ReportNominate
Tags:artery, branches, related, structure

Top Quizzes Today


Score Distribution

Your Account Isn't Verified!

In order to create a playlist on Sporcle, you need to verify the email address you used during registration. Go to your Sporcle Settings to finish the process.

Report this User

Report this user for behavior that violates our Community Guidelines.

Details: